Catálogo
 En Linea

Una aproximación humanista al derecho de defensa en el proceso penal dominicano / (Registro nro. 5683)

Detalles MARC
000 -CABECERA
campo de control de longitud fija 01492nam a2200229 a 4500
001 - NÚMERO DE CONTROL
campo de control 000005887
005 - FECHA Y HORA DE LA ÚLTIMA TRANSACCIÓN
campo de control 20200929151827.0
008 - DATOS DE LONGITUD FIJA--INFORMACIÓN GENERAL
campo de control de longitud fija 090824s2006 dr 001 0 spa d
040 ## - FUENTE DE LA CATALOGACIÓN
Centro catalogador/agencia de origen DO-SdBNP
Lengua de catalogación spa
Centro/agencia transcriptor BNPHU
082 ## - NÚMERO DE LA CLASIFICACIÓN DECIMAL DEWEY
Número de clasificación 345.05
Número de documento/Ítem T289u
100 1# - ENTRADA PRINCIPAL--NOMBRE DE PERSONA
Nombre de persona Tena de Sosa, Félix María
9 (RLIN) 16592
245 10 - MENCIÓN DE TÍTULO
Título Una aproximación humanista al derecho de defensa en el proceso penal dominicano /
Mención de responsabilidad, etc. Félix María Tena de Sosa.
260 ## - PUBLICACIÓN, DISTRIBUCIÓN, ETC.
Lugar de publicación, distribución, etc. Santo Domingo :
Nombre del editor, distribuidor, etc. Comisionado de Apoyo a la Reforma y Modernización de la Justicia,
Fecha de publicación, distribución, etc. 2006.
300 ## - DESCRIPCIÓN FÍSICA
Extensión 76 p. ;
Dimensiones 22 cm.
504 ## - NOTA DE BIBLIOGRAFÍA, ETC.
Nota de bibliografía, etc. Incluye bibliografía y notas al pie de páginas.
505 0# - NOTA DE CONTENIDO CON FORMATO
Información miscelánea Presentación /
Mención de responsabilidad César Pina Toribio --
Información miscelánea Introducción --
Título Regulación de la justicia penal --
-- El derecho de defensa en un Estado de derecho --
-- Concepto jurídico de defensa --
-- Génesis del derecho de defensa --
-- Defensa material y defensa técnica --
-- El derecho de defensa como garantía de verdad --
-- La declaración del imputado como medio de defensa --
-- La igualdad y el derecho de defensa --
-- Importancia de la defensa pública en una sociedad desigual --
Información miscelánea A modo de conclusión.
586 ## - NOTA DE PREMIOS
Nota de premios Primer lugar Concurso Nacional de Ensayos sobre el Código Procesal Penal en el marco del II aniversario de la Reforma Procesal Penal.
590 ## - NOTA LOCAL (RLIN)
Nota local Inventariado,2018/DG
650 #4 - PUNTO DE ACCESO ADICIONAL DE MATERIA--TÉRMINO DE MATERIA
Término de materia o nombre geográfico como elemento de entrada Defensa (procedimiento penal)
Subdivisión geográfica República Dominicana
9 (RLIN) 16593
650 #4 - PUNTO DE ACCESO ADICIONAL DE MATERIA--TÉRMINO DE MATERIA
Término de materia o nombre geográfico como elemento de entrada Procedimiento penal
Subdivisión geográfica República Dominicana
9 (RLIN) 14474
910 ## - DATOS DE OPCIÓN DEL USUARIO (OCLC)
Datos de opción del usuario Validado. Control de calidad EMS
Existencias
Estado de retiro Estado de pérdida No para préstamo Código de colección Localización permanente Ubicación/localización actual Ubicación en estantería Fecha de adquisición Número de inventario Total de préstamos Signatura topográfica completa Código de barras Fecha visto por última vez Precio válido a partir de Tipo de ítem Koha
    Excluido de préstamo Patrimonio Dominicano Patrimonio Dominicano Patrimonio Dominicano Depósito 24.08.2009 LF1   345.05 T289u 5887-10 25.06.2020 25.06.2020 Libro y Folleto Colección Patrimonio Dominicano

Con tecnología Koha